Casting light on rights (Record no. 121130)
[ view plain ]
| 000 -LEADER | |
|---|---|
| fixed length control field | 00926nas a22002057a 4500 |
| 001 - CONTROL NUMBER | |
| control field | K121129 |
| 007 - PHYSICAL DESCRIPTION FIXED FIELD--GENERAL INFORMATION | |
| fixed length control field | ta |
| 008 - FIXED-LENGTH DATA ELEMENTS--GENERAL INFORMATION | |
| fixed length control field | 191014b2019 ||||| |||| 00| 0 eng d |
| 041 ## - LANGUAGE CODE | |
| Language code of text/sound track or separate title | eng |
| 100 ## - MAIN ENTRY--PERSONAL NAME | |
| Personal author | Gregson, Angela |
| 245 ## - TITLE STATEMENT | |
| Title | Casting light on rights |
| 260 ## - PUBLICATION INFORMATION | |
| Date | 2019 |
| 490 ## - SERIES TITLE | |
| Series statement | RICS Property Journal |
| Volume | October-November 2019, 42-43 (2) |
| 520 ## - ABSTRACT | |
| Abstract | First in a series of articles on the right to light. Provides definition of a right to light as an easement enjoyed by one landowner over the land of someone else. Explains how such a right can be granted by the Prescription Act 1832 , Section 3 under the 20 year rule, by the doctrine of lost modern grant and by common law. |
| 650 ## - KEYWORDS | |
| Keywords | Easements |
| 650 ## - KEYWORDS | |
| Keywords | Rights of Light Act 1959 |
| 651 ## - SUBJECT ADDED ENTRY--GEOGRAPHIC NAME | |
| Geographic name | United Kingdom 1973 |
| 690 ## - LOCAL SUBJECT ADDED ENTRY--TOPICAL TERM (OCLC, RLIN) | |
| 9 (RLIN) | 6267 |
| Topical term or geographic name as entry element | Rights of light |
| 856 ## - ONLINE RESOURCE | |
| Uniform Resource Identifier | https://issuu.com/ricsmodus/docs/property_journal_oct-nov_2019 |
| Link text | Available free online via Issuu |
| Withdrawn status | Lost status | Damaged status | Not for loan | Home library | Current library | Shelving location | Date acquired | Total Checkouts | Date last seen | Price effective from | Koha item type |
|---|---|---|---|---|---|---|---|---|---|---|---|
| Virtual | Virtual | Online | 14/10/2019 | 14/10/2019 | 14/10/2019 | Journal article |